25 times tables - forward - Statistics

General Stats
  • This quiz has been taken 124 times
  • The average score is 9 of 25
Answer Stats
Problem Answer % Correct
25x15 375
67%
25x13 325
50%
25x20 500
50%
25x1 25
42%
25x17 425
42%
25x23 575
42%
25x24 600
42%
25x25 625
42%
25x3 75
42%
25x4 100
33%
25x6 150
33%
25x7 175
33%
25x8 200
33%
25x9 225
33%
25x11 275
33%
25x14 350
33%
25x16 400
33%
25x18 450
33%
25x2 50
33%
25x21 525
33%
25x22 550
33%
25x10 250
25%
25x12 300
25%
25x5 125
17%
25x19 475
17%
No matching quizzes found
Score Distribution
Percent of People with Each Score
Percentile by Number Answered
Your Score History
You have not taken this quiz